000 00610nam a2200241Ia 4500
003 GCL
008 140319s9999 xx 000 0 eng d
040 _aGCL /
_cGCL
082 0 4 _aCC
_b932.014
_bM T
100 1 _aMANNICHE, LISE
245 1 0 _aTHE TOMBS OF THE NOBLES AT LUXOR /
_cMANNICHE, LISE
260 _a[S.N] :
_bTHE AMERICAN UNIVERSITY IN CAIRO PRESS ،
_c1989
300 _a150 PP
650 0 4 _aLUXOR
650 0 4 _aTOMBS
650 0 4 _aEGYPT
650 0 4 _aEGYPTOLOGY
650 0 4 _aTHEBES
650 0 4 _aCITY OF THE DEAD
650 0 4 _aQURNA
650 0 4 _aANCIENT EGYPTIAN
942 _2ddc
_cBK
999 _c12109
_d12109